000 00390nam a2200157Ia 4500
008 221030s9999 xx 000 0 und d
020 _a8175155728
041 _aEnglish
100 _aE. Horowitz
245 0 _aFundamentals of Programming Languages
_cby E. Horowitz
250 _a2nd
260 _bGalgotia Pub
_aNew Delhi
_c2012
300 _a446
650 _aBE Computer
942 _cBK
999 _c14817
_d14817